{"text_format":"3","workbook":"xlsx","n_sheets":1,"sheets":["t152"],"read":"whole","date_system":"1900"}

{"sheet":"t152","index":0,"n_rows":204,"n_cols":7,"rows_kept":204,"merged":[[0,0,0,6],[30,0,30,5],[52,0,52,5],[159,0,159,5]]}
["TABELA 152.1 - Estatísticas Agrícolas, Município de Descalvado, Estado de São Paulo, 2007/08."]
["ITEM","UNIDADE","N.DE UPAs","MÍNIMO","MÉDIO","MÁXIMO","TOTAL"]
["Distância à sede do município","km",894,0.5,{"v":10.82,"d":"10.8"},{"v":30,"d":"30.0"},"-"]
["Área total","hectare",894,0.5,{"v":80.73,"d":"80.7"},{"v":2138.7,"d":"2,138.7"},{"v":72175,"d":"72,175.0"}]
["Área com cultura perene","hectare",134,0.2,{"v":78.77,"d":"78.8"},{"v":1200,"d":"1,200.0"},{"v":10554.9,"d":"10,554.9"}]
["Área com cultura temporária","hectare",621,0.2,{"v":48.14,"d":"48.1"},{"v":1071.6,"d":"1,071.6"},{"v":29894.9,"d":"29,894.9"}]
["Área com pastagem","hectare",619,0.2,{"v":26.97,"d":"27.0"},{"v":931,"d":"931.0"},{"v":16697,"d":"16,697.0"}]
["Área com reflorestamento","hectare",69,0.2,{"v":19.17,"d":"19.2"},{"v":438,"d":"438.0"},{"v":1322.5,"d":"1,322.5"}]
["Área com vegetação natural","hectare",515,0.1,{"v":19.54,"d":"19.5"},{"v":784,"d":"784.0"},{"v":10063,"d":"10,063.0"}]
["Área com vegetação de brejo e várzea","hectare",3,0.5,6.2,14.5,18.6]
["Área em descanso","hectare",15,{"v":2,"d":"2.0"},{"v":45.59,"d":"45.6"},239.7,683.8]
["Área complementar","hectare",685,0.1,{"v":4.29,"d":"4.3"},173.1,{"v":2940.3,"d":"2,940.3"}]
["Área das UPAs com (0, 1] ha","hectare",2,0.5,{"v":0.75,"d":"0.8"},{"v":1,"d":"1.0"},1.5]
["Área das UPAs com (1, 2] ha","hectare",14,1.1,{"v":1.69,"d":"1.7"},{"v":2,"d":"2.0"},23.7]
["Área das UPAs com (2, 5] ha","hectare",97,2.1,{"v":3.62,"d":"3.6"},{"v":5,"d":"5.0"},{"v":351,"d":"351.0"}]
["Área das UPAs com (5, 10] ha","hectare",108,5.1,{"v":7.65,"d":"7.7"},{"v":10,"d":"10.0"},826.2]
["Área das UPAs com (10, 20] ha","hectare",174,10.2,{"v":15.07,"d":"15.1"},19.8,{"v":2622.5,"d":"2,622.5"}]
["Área das UPAs com (20, 50] ha","hectare",228,20.1,{"v":32.47,"d":"32.5"},{"v":50,"d":"50.0"},{"v":7403.4,"d":"7,403.4"}]
["Área das UPAs com (50, 100] ha","hectare",117,50.3,{"v":71.37,"d":"71.4"},98.3,{"v":8350.2,"d":"8,350.2"}]
["Área das UPAs com (100, 200] ha","hectare",68,100.2,138.9,198.4,{"v":9445.3,"d":"9,445.3"}]
["Área das UPAs com (200, 500] ha","hectare",59,200.1,{"v":297.59,"d":"297.6"},493.7,{"v":17558,"d":"17,558.0"}]
["Área das UPAs com (500, 1.000] ha","hectare",19,500.9,{"v":707.13,"d":"707.1"},974.5,{"v":13435.4,"d":"13,435.4"}]
["Área das UPAs com (1.000, 2.000] ha","hectare",6,{"v":1210,"d":"1,210.0"},{"v":1336.25,"d":"1,336.3"},{"v":1774.9,"d":"1,774.9"},{"v":8017.5,"d":"8,017.5"}]
["Área das UPAs com (2.000, 5.000] ha","hectare",2,{"v":2001.6,"d":"2,001.6"},{"v":2070.15,"d":"2,070.2"},{"v":2138.7,"d":"2,138.7"},{"v":4140.3,"d":"4,140.3"}]
["Área das UPAs com (5.000, 10.000] ha","hectare","-","-","-","-","-"]
["Área das UPAs acima de 10.000 ha","hectare","-","-","-","-","-"]
["Familiares do proprietário que trabalham na UPA","unidade",745,{"v":1,"d":"1.0"},{"v":2.22,"d":"2.2"},{"v":8,"d":"8.0"},{"v":1657,"d":"1,657.0"}]
["Trabalhadores permanentes","unidade",393,{"v":1,"d":"1.0"},{"v":3.68,"d":"3.7"},{"v":133,"d":"133.0"},{"v":1446,"d":"1,446.0"}]
["Fonte: Secretaria de Agricultura e Abastecimento, CDRS/IEA, Projeto LUPA."]
[]
["TABELA 152.2 - Explorações Animais, Município de Descalvado, Estado de São Paulo, 2007/08."]
["ITEM","UNIDADE","N.DE UPAs","MÍNIMO","MÉDIO","MÁXIMO","TOTAL"]
["Apicultura","colmeias",4,{"v":10,"d":"10.0"},{"v":26.25,"d":"26.3"},{"v":50,"d":"50.0"},{"v":105,"d":"105.0"}]
["Asininos E Muares","cabeças",27,{"v":1,"d":"1.0"},{"v":2.15,"d":"2.2"},{"v":10,"d":"10.0"},{"v":58,"d":"58.0"}]
["Avestruzes e Ema (Criadouro)","cabeças",1,{"v":14,"d":"14.0"},{"v":14,"d":"14.0"},{"v":14,"d":"14.0"},{"v":14,"d":"14.0"}]
["Avicultura de Corte","cabeças/ano",145,{"v":10000,"d":"10,000.0"},{"v":192289.66,"d":"192,289.7"},{"v":1200000,"d":"1,200,000.0"},{"v":27882000,"d":"27,882,000.0"}]
["Avicultura Ornamental/Decorativa/Exótica","cabeças",1,{"v":17,"d":"17.0"},{"v":17,"d":"17.0"},{"v":17,"d":"17.0"},{"v":17,"d":"17.0"}]
["Avicultura para Ovos","cabeças",27,{"v":9,"d":"9.0"},{"v":7093.93,"d":"7,093.9"},{"v":96000,"d":"96,000.0"},{"v":191536,"d":"191,536.0"}]
["Bovinocultura de Corte","cabeças",163,{"v":1,"d":"1.0"},{"v":71.98,"d":"72.0"},{"v":900,"d":"900.0"},{"v":11732,"d":"11,732.0"}]
["Bovinocultura Leiteira","cabeças",79,{"v":2,"d":"2.0"},{"v":97.96,"d":"98.0"},{"v":3069,"d":"3,069.0"},{"v":7739,"d":"7,739.0"}]
["Bovinocultura Mista","cabeças",192,{"v":1,"d":"1.0"},{"v":26.04,"d":"26.0"},{"v":200,"d":"200.0"},{"v":5000,"d":"5,000.0"}]
["Bubalinocultura","cabeças",1,{"v":3,"d":"3.0"},{"v":3,"d":"3.0"},{"v":3,"d":"3.0"},{"v":3,"d":"3.0"}]
["Caprinocultura","cabeças",6,{"v":1,"d":"1.0"},{"v":28.17,"d":"28.2"},{"v":50,"d":"50.0"},{"v":169,"d":"169.0"}]
["Carcinocultura","pós-larvas",1,{"v":50,"d":"50.0"},{"v":50,"d":"50.0"},{"v":50,"d":"50.0"},{"v":50,"d":"50.0"}]
["Cunicultura","cabeças",3,{"v":3,"d":"3.0"},{"v":67.67,"d":"67.7"},{"v":150,"d":"150.0"},{"v":203,"d":"203.0"}]
["Equinocultura","cabeças",183,{"v":1,"d":"1.0"},{"v":4.81,"d":"4.8"},{"v":56,"d":"56.0"},{"v":880,"d":"880.0"}]
["Outra Exploração Animal","cabeças",2,{"v":1,"d":"1.0"},{"v":2,"d":"2.0"},{"v":3,"d":"3.0"},{"v":4,"d":"4.0"}]
["Ovinocultura","cabeças",7,{"v":5,"d":"5.0"},{"v":31,"d":"31.0"},{"v":100,"d":"100.0"},{"v":217,"d":"217.0"}]
["Piscicultura","m² tanques",36,{"v":6,"d":"6.0"},{"v":4907.11,"d":"4,907.1"},{"v":20000,"d":"20,000.0"},{"v":176656,"d":"176,656.0"}]
["Suinocultura","cabeças",64,{"v":1,"d":"1.0"},{"v":248.63,"d":"248.6"},{"v":8520,"d":"8,520.0"},{"v":15912,"d":"15,912.0"}]
["Fonte: Secretaria de Agricultura e Abastecimento, CDRS/IEA, Projeto LUPA."]
[]
["TABELA 152.3 -  Máquinas, Implementos e Benfeitorias, Município de Descalvado, Estado de São Paulo, 2007/08."]
["ITEM","UNIDADE","N.DE UPAs","MÍNIMO","MÉDIO","MÁXIMO","TOTAL"]
["Arado Comum (Bacia, Aiveca)","Unidade",265,{"v":1,"d":"1.0"},{"v":1.22,"d":"1.2"},{"v":4,"d":"4.0"},{"v":323,"d":"323.0"}]
["Arado Escarificador","Unidade",12,{"v":1,"d":"1.0"},{"v":1.17,"d":"1.2"},{"v":2,"d":"2.0"},{"v":14,"d":"14.0"}]
["Arado Subsolador","Unidade",52,{"v":1,"d":"1.0"},{"v":1.17,"d":"1.2"},{"v":4,"d":"4.0"},{"v":61,"d":"61.0"}]
["Batedeira de Cereais","Unidade",13,{"v":1,"d":"1.0"},{"v":1.08,"d":"1.1"},{"v":2,"d":"2.0"},{"v":14,"d":"14.0"}]
["Câmara Fria","Unidade",9,{"v":1,"d":"1.0"},{"v":1,"d":"1.0"},{"v":1,"d":"1.0"},{"v":9,"d":"9.0"}]
["Carregadeira de Cana","Unidade",18,{"v":1,"d":"1.0"},{"v":1.61,"d":"1.6"},{"v":8,"d":"8.0"},{"v":29,"d":"29.0"}]
["Colhedeira Acoplada","Unidade",27,{"v":1,"d":"1.0"},{"v":1.15,"d":"1.2"},{"v":3,"d":"3.0"},{"v":31,"d":"31.0"}]
["Colhedeira Automotriz","Unidade",5,{"v":1,"d":"1.0"},1.2,{"v":2,"d":"2.0"},{"v":6,"d":"6.0"}]
["Conj.Irrigação Autopropelido","Unidade",3,{"v":1,"d":"1.0"},{"v":2.33,"d":"2.3"},{"v":3,"d":"3.0"},{"v":7,"d":"7.0"}]
["Conj.Irrigação Convencional","Unidade",19,{"v":1,"d":"1.0"},{"v":1.37,"d":"1.4"},{"v":3,"d":"3.0"},{"v":26,"d":"26.0"}]
["Conj.Irrigação/Gotejamento/Microaspersão","Unidade",11,{"v":1,"d":"1.0"},{"v":1.45,"d":"1.5"},{"v":4,"d":"4.0"},{"v":16,"d":"16.0"}]
["Conjunto de Fenação","Unidade",3,{"v":1,"d":"1.0"},{"v":1.33,"d":"1.3"},{"v":2,"d":"2.0"},{"v":4,"d":"4.0"}]
["Desintegrador de Palha (Plantio Direto)","Unidade",2,{"v":1,"d":"1.0"},{"v":1,"d":"1.0"},{"v":1,"d":"1.0"},{"v":2,"d":"2.0"}]
["Desintegrador, Picador, Triturador","Unidade",375,{"v":1,"d":"1.0"},{"v":1.22,"d":"1.2"},{"v":5,"d":"5.0"},{"v":457,"d":"457.0"}]
["Distribuidor de Calcário","Unidade",63,{"v":1,"d":"1.0"},{"v":1.25,"d":"1.3"},{"v":6,"d":"6.0"},{"v":79,"d":"79.0"}]
["Ensiladeira","Unidade",64,{"v":1,"d":"1.0"},{"v":1.27,"d":"1.3"},{"v":4,"d":"4.0"},{"v":81,"d":"81.0"}]
["Grade Aradora (Tipo Romi)","Unidade",88,{"v":1,"d":"1.0"},1.2,{"v":3,"d":"3.0"},{"v":106,"d":"106.0"}]
["Grade Niveladora","Unidade",232,{"v":1,"d":"1.0"},{"v":1.31,"d":"1.3"},{"v":11,"d":"11.0"},{"v":304,"d":"304.0"}]
["Implementos para Tração Animal","Unidade",7,{"v":1,"d":"1.0"},{"v":2.57,"d":"2.6"},{"v":8,"d":"8.0"},{"v":18,"d":"18.0"}]
["Microtrator","Unidade",8,{"v":1,"d":"1.0"},{"v":1.13,"d":"1.1"},{"v":2,"d":"2.0"},{"v":9,"d":"9.0"}]
["Misturador de Ração","Unidade",74,{"v":1,"d":"1.0"},{"v":1.05,"d":"1.1"},{"v":3,"d":"3.0"},{"v":78,"d":"78.0"}]
["Ordenhadeira Mecânica","Unidade",35,{"v":1,"d":"1.0"},{"v":2.34,"d":"2.3"},{"v":48,"d":"48.0"},{"v":82,"d":"82.0"}]
["Pulverizador Tratorizado","Unidade",156,{"v":1,"d":"1.0"},{"v":1.59,"d":"1.6"},{"v":18,"d":"18.0"},{"v":248,"d":"248.0"}]
["Resfriador de Leite, Tanque Expansão","Unidade",55,{"v":1,"d":"1.0"},{"v":1.16,"d":"1.2"},{"v":4,"d":"4.0"},{"v":64,"d":"64.0"}]
["Semeadeira/Adubadeira para Plantio Convencional","Unidade",78,{"v":1,"d":"1.0"},{"v":1.09,"d":"1.1"},{"v":2,"d":"2.0"},{"v":85,"d":"85.0"}]
["Terraceador","Unidade",14,{"v":1,"d":"1.0"},{"v":1,"d":"1.0"},{"v":1,"d":"1.0"},{"v":14,"d":"14.0"}]
["Trator de Esteiras","Unidade",4,{"v":1,"d":"1.0"},1.5,{"v":3,"d":"3.0"},{"v":6,"d":"6.0"}]
["Trator de Pneus","Unidade",367,{"v":1,"d":"1.0"},2.1,{"v":32,"d":"32.0"},{"v":771,"d":"771.0"}]
["Açude/Represa","Unidade",182,{"v":1,"d":"1.0"},{"v":1.91,"d":"1.9"},{"v":5,"d":"5.0"},{"v":348,"d":"348.0"}]
["Almoxarifado/Oficina","Unidade",60,{"v":1,"d":"1.0"},{"v":1.08,"d":"1.1"},{"v":3,"d":"3.0"},{"v":65,"d":"65.0"}]
["Armazém para Grãos Ensacados","Sacas",23,{"v":1,"d":"1.0"},{"v":6604.91,"d":"6,604.9"},{"v":100000,"d":"100,000.0"},{"v":151913,"d":"151,913.0"}]
["Balança para Bovinos","Unidade",28,{"v":1,"d":"1.0"},{"v":1.11,"d":"1.1"},{"v":2,"d":"2.0"},{"v":31,"d":"31.0"}]
["Balança para Veículos","Unidade",24,{"v":1,"d":"1.0"},{"v":1,"d":"1.0"},{"v":1,"d":"1.0"},{"v":24,"d":"24.0"}]
["Barracão para Granja/Avicultura","Unidade",188,{"v":1,"d":"1.0"},{"v":2.35,"d":"2.4"},{"v":14,"d":"14.0"},{"v":442,"d":"442.0"}]
["Barracão/Galpão/Garagem","Unidade",370,{"v":1,"d":"1.0"},{"v":1.29,"d":"1.3"},{"v":8,"d":"8.0"},{"v":479,"d":"479.0"}]
["Biodigestor","Unidade",2,{"v":1,"d":"1.0"},1.5,{"v":2,"d":"2.0"},{"v":3,"d":"3.0"}]
["Casa de Moradia Habitada","Unidade",541,{"v":1,"d":"1.0"},{"v":2.08,"d":"2.1"},{"v":49,"d":"49.0"},{"v":1127,"d":"1,127.0"}]
["Casa de Moradia Total","Unidade",554,{"v":1,"d":"1.0"},{"v":2.41,"d":"2.4"},{"v":54,"d":"54.0"},{"v":1334,"d":"1,334.0"}]
["Curral/Mangueira","Unidade",398,{"v":1,"d":"1.0"},{"v":1.09,"d":"1.1"},{"v":7,"d":"7.0"},{"v":435,"d":"435.0"}]
["Depósito/Tulha","Unidade",262,{"v":1,"d":"1.0"},{"v":1.14,"d":"1.1"},{"v":5,"d":"5.0"},{"v":298,"d":"298.0"}]
["Engenho","Unidade",8,{"v":1,"d":"1.0"},{"v":1,"d":"1.0"},{"v":1,"d":"1.0"},{"v":8,"d":"8.0"}]
["Estábulo","Unidade",267,{"v":1,"d":"1.0"},{"v":1.07,"d":"1.1"},{"v":6,"d":"6.0"},{"v":287,"d":"287.0"}]
["Estufa/Plasticultura","m²",7,{"v":1,"d":"1.0"},{"v":436.86,"d":"436.9"},{"v":1050,"d":"1,050.0"},{"v":3058,"d":"3,058.0"}]
["Fábrica de Ração","Unidade",60,{"v":1,"d":"1.0"},{"v":1,"d":"1.0"},{"v":1,"d":"1.0"},{"v":60,"d":"60.0"}]
["Instalações para Equinos","Unidade",40,{"v":1,"d":"1.0"},{"v":4.55,"d":"4.6"},{"v":80,"d":"80.0"},{"v":182,"d":"182.0"}]
["Máquina de Benefício","Unidade",5,{"v":1,"d":"1.0"},1.2,{"v":2,"d":"2.0"},{"v":6,"d":"6.0"}]
["Packing House","Unidade",3,{"v":1,"d":"1.0"},{"v":1,"d":"1.0"},{"v":1,"d":"1.0"},{"v":3,"d":"3.0"}]
["Pocilga","Unidade",100,{"v":1,"d":"1.0"},1.4,{"v":15,"d":"15.0"},{"v":140,"d":"140.0"}]
["Poço Semi-Artesiano","Unidade",128,{"v":1,"d":"1.0"},{"v":1.15,"d":"1.2"},{"v":3,"d":"3.0"},{"v":147,"d":"147.0"}]
["Posto Meteorológico","Unidade",3,{"v":1,"d":"1.0"},{"v":1,"d":"1.0"},{"v":1,"d":"1.0"},{"v":3,"d":"3.0"}]
["Secador de Grãos","Unidade",2,{"v":1,"d":"1.0"},{"v":1,"d":"1.0"},{"v":1,"d":"1.0"},{"v":2,"d":"2.0"}]
["Silo para Grãos","t",9,{"v":1,"d":"1.0"},{"v":9059.33,"d":"9,059.3"},{"v":80000,"d":"80,000.0"},{"v":81534,"d":"81,534.0"}]
["Silo para Silagem","t",47,{"v":1,"d":"1.0"},{"v":433.83,"d":"433.8"},{"v":3000,"d":"3,000.0"},{"v":20390,"d":"20,390.0"}]
["Terreiro","m²",40,{"v":1,"d":"1.0"},{"v":563.95,"d":"564.0"},{"v":6500,"d":"6,500.0"},{"v":22558,"d":"22,558.0"}]
["Fonte: Secretaria de Agricultura e Abastecimento, CDRS/IEA, Projeto LUPA."]
[]
["TABELA 152.4 - Outras Estatísticas Agrícolas, Município de Descalvado, Estado de São Paulo, 2007/08."]
["ITEM","Número de UPAs",null,"Percentual"]
["Faz Parte de Associação de Produtores",127,null,{"v":14.189944134078212,"d":"14.2"}]
["Faz Parte de Cooperativa de Produtores",551,null,{"v":61.564245810055866,"d":"61.6"}]
["Faz Parte do Sindicato de Produtores",170,null,{"v":18.994413407821227,"d":"19.0"}]
["Não utiliza assistência técnica ",698,null,{"v":77.98882681564245,"d":"78.0"}]
["Utiliza somente assistência técnica governamental ",55,null,{"v":6.145251396648045,"d":"6.1"}]
["Utiliza somente assistência técnica privada ",121,null,{"v":13.519553072625698,"d":"13.5"}]
["Utiliza assistência técnica tanto governamental quanto privada",20,null,{"v":2.2346368715083798,"d":"2.2"}]
["Utiliza Crédito Rural",246,null,{"v":27.486033519553075,"d":"27.5"}]
["Utiliza Seguro Rural",3,null,{"v":0.335195530726257,"d":"0.3"}]
["Utiliza Escrituração Agrícola",678,null,{"v":75.75418994413408,"d":"75.8"}]
["Acessa Internet p/ Fins na Agropecuária",53,null,{"v":5.921787709497207,"d":"5.9"}]
["Utiliza Computador nas Atividades Agropecuárias",40,null,{"v":4.4692737430167595,"d":"4.5"}]
["Utiliza Energia Elétrica Para Uso na Atividade Agrícola",683,null,{"v":76.31284916201118,"d":"76.3"}]
["Realiza Análise de Solo, quando necessário",19,null,{"v":2.1229050279329607,"d":"2.1"}]
["Utiliza Práticas de Conservação de Solo, quando necessário",580,null,{"v":64.80446927374302,"d":"64.8"}]
["Faz Adubação Mineral, quando necessário",551,null,{"v":61.564245810055866,"d":"61.6"}]
["Faz Adubação Orgânica, quando necessário",344,null,{"v":38.435754189944134,"d":"38.4"}]
["Faz Adubação Verde, quando necessário",40,null,{"v":4.4692737430167595,"d":"4.5"}]
["Utiliza Manejo Integrado de Pragas (MIP)","-",null,"-"]
["Utiliza Hidroponia",1,null,{"v":0.111731843575419,"d":"0.1"}]
["Utiliza Plasticultura",10,null,{"v":1.1173184357541899,"d":"1.1"}]
["Utiliza Mudas Fiscalizadas",308,null,{"v":34.41340782122905,"d":"34.4"}]
["Utiliza Semente Melhorada",268,null,{"v":29.94413407821229,"d":"29.9"}]
["Faz Confinamento de Bovinos",22,null,{"v":2.458100558659218,"d":"2.5"}]
["Utiliza Pastejo Intensivo",121,null,{"v":13.5195530726257,"d":"13.5"}]
["Faz Inseminação Artificial",22,null,{"v":2.458100558659218,"d":"2.5"}]
["Faz Mineralização do Rebanho",351,null,{"v":39.21787709497207,"d":"39.2"}]
["Faz Vermifugação do Rebanho",354,null,{"v":39.55307262569832,"d":"39.6"}]
["Possui Parceiros /Arrendatários na Exploração Animal",229,null,{"v":25.58659217877095,"d":"25.6"}]
["Esporte e lazer",11,null,{"v":1.229050279329609,"d":"1.2"}]
["Extração mineral",1,null,{"v":0.111731843575419,"d":"0.1"}]
["Hotel Fazenda, Pousada ou SPA","-",null,"-"]
["Pesque-pague",3,null,{"v":0.335195530726257,"d":"0.3"}]
["Restaurante ou Lanchonete",2,null,{"v":0.223463687150838,"d":"0.2"}]
["Transformação artesanal","-",null,"-"]
["Turismo rural ou ecoturismo",1,null,{"v":0.111731843575419,"d":"0.1"}]
["Outras atividades econômicas rurais",3,null,{"v":0.335195530726257,"d":"0.3"}]
["Agroindústria","-",null,"-"]
["Proprietário sem instrução ou com instrução incompleta",59,null,{"v":6.592178770949721,"d":"6.6"}]
["Proprietário com antigo primário completo",285,null,{"v":31.84357541899441,"d":"31.8"}]
["Proprietário com 1° grau (ou antigo ginasial) completo",153,null,{"v":17.094972067039105,"d":"17.1"}]
["Proprietário com 2° grau (ou antigo colegial) completo",171,null,{"v":19.106145251396647,"d":"19.1"}]
["Proprietário com curso superior completo ",190,null,{"v":21.229050279329606,"d":"21.2"}]
["Pessoa Jurídica",36,null,{"v":4.022346368715083,"d":"4.0"}]
["Proprietário residente na própria UPA ",202,null,{"v":22.56983240223464,"d":"22.6"}]
["Fonte: Secretaria de Agricultura e Abastecimento, CDRS/IEA, Projeto LUPA."]
[]
["TABELA 152.5 - Área Cultivada, Município de Descalvado, Estado de São Paulo, 2007/08."]
["CULTURA","N.DE UPAs","MÍNIMO","MÉDIO","MÁXIMO","TOTAL"]
["Cana-de-acucar",581,0.2,{"v":46.65,"d":"46.7"},{"v":1071.6,"d":"1,071.6"},{"v":27105.5,"d":"27,105.5"}]
["Braquiaria",572,0.5,{"v":26.21,"d":"26.2"},{"v":900,"d":"900.0"},{"v":14993.8,"d":"14,993.8"}]
["Laranja",96,0.2,{"v":105.05,"d":"105.1"},{"v":1200,"d":"1,200.0"},{"v":10084.4,"d":"10,084.4"}]
["Milho",95,0.5,{"v":24.19,"d":"24.2"},{"v":610,"d":"610.0"},{"v":2298.2,"d":"2,298.2"}]
["Eucalipto",69,0.2,{"v":19.17,"d":"19.2"},{"v":438,"d":"438.0"},{"v":1322.5,"d":"1,322.5"}]
["Gramas",49,0.2,{"v":17.43,"d":"17.4"},{"v":435,"d":"435.0"},853.9]
["Capim-napier (ou capim-elefante)",130,0.2,{"v":3.31,"d":"3.3"},{"v":31,"d":"31.0"},430.6]
["Outras gramineas para pastagem",4,{"v":1,"d":"1.0"},{"v":96.45,"d":"96.5"},233.3,385.8]
["Cafe",26,0.5,12.8,183.6,332.9]
["Soja",1,169.4,169.4,169.4,169.4]
["Mandioca",4,{"v":4,"d":"4.0"},25.8,48.4,103.2]
["Sorgo",3,2.5,26.5,{"v":72,"d":"72.0"},79.5]
["Aveia",1,{"v":68,"d":"68.0"},{"v":68,"d":"68.0"},{"v":68,"d":"68.0"},{"v":68,"d":"68.0"}]
["Abacate",2,{"v":5,"d":"5.0"},22.5,{"v":40,"d":"40.0"},{"v":45,"d":"45.0"}]
["Girassol",1,{"v":40,"d":"40.0"},{"v":40,"d":"40.0"},{"v":40,"d":"40.0"},{"v":40,"d":"40.0"}]
["Lichia",1,30.4,30.4,30.4,30.4]
["Alfafa",1,{"v":25,"d":"25.0"},{"v":25,"d":"25.0"},{"v":25,"d":"25.0"},{"v":25,"d":"25.0"}]
["Batata-inglesa (ou batata, ou batatinha)",1,{"v":25,"d":"25.0"},{"v":25,"d":"25.0"},{"v":25,"d":"25.0"},{"v":25,"d":"25.0"}]
["Tangerina",3,1.5,{"v":8.17,"d":"8.2"},{"v":12,"d":"12.0"},24.5]
["Laranja-azeda",1,12.1,12.1,12.1,12.1]
["Feijao",1,{"v":12,"d":"12.0"},{"v":12,"d":"12.0"},{"v":12,"d":"12.0"},{"v":12,"d":"12.0"}]
["Macadamia (ou noz-macadamia)",1,{"v":8,"d":"8.0"},{"v":8,"d":"8.0"},{"v":8,"d":"8.0"},{"v":8,"d":"8.0"}]
["Coloniao",3,{"v":1,"d":"1.0"},{"v":2.63,"d":"2.6"},5.7,7.9]
["Goiaba",2,{"v":2,"d":"2.0"},3.5,{"v":5,"d":"5.0"},{"v":7,"d":"7.0"}]
["Outras olericolas",2,{"v":1,"d":"1.0"},{"v":3,"d":"3.0"},{"v":5,"d":"5.0"},{"v":6,"d":"6.0"}]
["Setaria",1,{"v":5,"d":"5.0"},{"v":5,"d":"5.0"},{"v":5,"d":"5.0"},{"v":5,"d":"5.0"}]
["Horta domestica",5,0.3,{"v":0.86,"d":"0.9"},{"v":2,"d":"2.0"},4.3]
["Sorgo-vassoura",2,1.5,{"v":1.95,"d":"2.0"},2.4,3.9]
["Pomar domestico",4,0.6,0.9,{"v":1,"d":"1.0"},3.6]
["Coco-da-baia",3,0.5,{"v":0.83,"d":"0.8"},{"v":1,"d":"1.0"},2.5]
["Maracuja",2,{"v":1,"d":"1.0"},{"v":1,"d":"1.0"},{"v":1,"d":"1.0"},{"v":2,"d":"2.0"}]
["Limao",2,{"v":1,"d":"1.0"},{"v":1,"d":"1.0"},{"v":1,"d":"1.0"},{"v":2,"d":"2.0"}]
["Banana",2,0.5,{"v":0.75,"d":"0.8"},{"v":1,"d":"1.0"},1.5]
["Tomate envarado",2,0.5,{"v":0.75,"d":"0.8"},{"v":1,"d":"1.0"},1.5]
["Alface",3,0.1,{"v":0.43,"d":"0.4"},0.8,1.3]
["Pupunha",1,{"v":1,"d":"1.0"},{"v":1,"d":"1.0"},{"v":1,"d":"1.0"},{"v":1,"d":"1.0"}]
["Cogumelo",1,{"v":1,"d":"1.0"},{"v":1,"d":"1.0"},{"v":1,"d":"1.0"},{"v":1,"d":"1.0"}]
["Uva fina",1,{"v":1,"d":"1.0"},{"v":1,"d":"1.0"},{"v":1,"d":"1.0"},{"v":1,"d":"1.0"}]
["Feijao-de-corda",1,{"v":1,"d":"1.0"},{"v":1,"d":"1.0"},{"v":1,"d":"1.0"},{"v":1,"d":"1.0"}]
["Abobora (ou jerimum)",1,0.5,0.5,0.5,0.5]
["Quiabo",1,0.5,0.5,0.5,0.5]
["Pimentao",2,0.1,{"v":0.15,"d":"0.2"},0.2,0.3]
["Fonte: Secretaria de Agricultura e Abastecimento, CDRS/IEA, Projeto LUPA."]